| 000 | 00734nam a2200229 a 4500 | ||
|---|---|---|---|
| 001 | BRCA_8003 | ||
| 005 | 20190320210106.0 | ||
| 008 | 140314s1969----u--a###f##---#000-0#eng-# | ||
| 050 | 4 |
_aPQ7297 _b.G67 _c1969 |
|
| 100 | 1 |
_aGorostiza, José _919868 |
|
| 245 | 1 | 0 |
_aDeath without end _cJosé Gorostiza ; traslated by Laura Villaseñor ; with ilustrations by Elvira Gascon. |
| 260 |
_aTexas _bUniversity of Texas Press _c1969 |
||
| 300 |
_a38 p. _bil. _c31 cm. |
||
| 500 | _a3124 | ||
| 500 | _aTraslation of Muerte sin fin | ||
| 546 | _aTexto en inglés y español | ||
| 650 | 1 | 4 |
_aPoesía contemporánea _919869 |
| 700 | 1 |
_aVillaseñor, Laura _etr. _919870 |
|
| 700 | 1 |
_aGascón, Elvira _eil. _919871 |
|
| 902 | _aGFM | ||
| 942 |
_2lcc _cB |
||
| 999 |
_c7672 _d7672 |
||